000 00740cab a2200241 4500
001 ABS56395
008 090401t1996 xxu||||| |||| 00| 0 eng d
035 _a(Sirsi) u23308
041 _aeng
100 _aHarrison, J.
245 _aNursery proposals are fair game for planners
260 _c1996
350 _a0
490 _aPlanning (for the Natural and Built Environment)
_v(1199) 13 December 1996, 30(1)
520 _aConsiders the development control and use issues raised by the growth in children`s nurseries.
650 _aNURSERIES
650 _aPLANNING CONTROL
650 _aPLANNING POLICY GUIDANCE NOTE 13
650 _aUSE CLASSES
690 _aPLANNING LAW AND PRACTICE
942 _n0
948 _c04/03/1997
999 _c15587
_d15587